00457nam a2200145 a 4500008004100000020001800041050001600059100001800075245005500093260006400148300003700212350001000249650002700259650002500286191129s2016 ||||||||||||||||| || u a9789351524229 aRC 86.8 Gur aGurjar, Mohan10aManual of ICU procedures cEdited by Mohan Gurjar  aNew DelhibJaypee Brothers Medical Publishers (P) Ltdc2016 axxvi, 717 pages : illustrations  a57.22 aCRITICAL CARE MEDICINE aINTENSIVE CARE UNITS